(33) - 50 villes les plus peuplées de la Gironde (33) - Statistiques

Statistiques générales
  • Ce quiz a été pris 28 fois
  • Le résultat moyen est 26 sur 50
Statistiques - réponses
nombre d'habitant ville % Correct
267 991 Bordeaux
100%
78 090 Mérignac
100%
67 339 Pessac
96%
11 092 Arcachon
92%
46 338 Talence
92%
25 036 Libourne
88%
27 566 La Teste-de-Buch
84%
31 831 Bègles
76%
20 020 Bruges
72%
26 834 Cenon
72%
25 769 Lormont
72%
17 215 Blanquefort
68%
22 153 Gujan-Mestras
68%
32 910 Saint-Médard-en-Jalles
68%
11 431 Biganos
64%
26 952 Gradignan
64%
7 674 Langon
64%
25 081 Le Bouscat
60%
7 909 Lège-Cap-Ferret
60%
42 545 Villenave-d'Ornon
60%
17 644 Ambarès-et-Lagrave
56%
24 825 Eysines
56%
10 672 Parempuyre
52%
12 710 Andernos-les-Bains
48%
16 666 Cestas
48%
11 392 Le Haillan
48%
5 872 Lesparre-Médoc
48%
9 616 Saint-Jean-d'Illac
48%
6 482 Arès
44%
18 300 Floirac
44%
12 626 Saint-André-de-Cubzac
44%
8 331 Carbon-Blanc
40%
11 073 Le Taillan-Médoc
40%
10 027 Saint-Loubès
40%
10 670 Léognan
36%
8 435 Bassens
32%
9 180 Le Teich
32%
12 043 Mios
32%
8 678 Coutras
28%
8 687 Artigues-près-Bordeaux
24%
9 596 Audenge
24%
7 337 Lanton
24%
8 056 Martignas-sur-Jalle
24%
7 769 Saint-Aubin-de-Médoc
24%
8 208 Salles
24%
6 275 Belin-Béliet
20%
6 909 Cadaujac
16%
6 374 Izon
16%
5 955 Saint-Denis-de-Pile
16%
7 292 Le Pian-Médoc
12%
Aucun quiz correspondant
Distribution des résultats
% des personnes avec chaque résultat
Percentile par nombre de réponses
Votre historique - résultats
Vous n’avez pas pris ce quiz